| 000 | 01030cam a2200253 4500 | ||
|---|---|---|---|
| 001 | WB3727-08 | ||
| 008 | 000000n2001 000 0 eng u | ||
| 035 | _a(Sirsi) u112329 | ||
| 245 | _aShopping centre proposals highest for a decade | ||
| 260 | _c2001 | ||
| 490 |
_aRetail Week _v27 April 2001, 37(1) |
||
| 520 | _aProposals and development starts for shopping centres are at the highest level for a decade, with more than 1.6m sq m of new retail space in malls over 40,000 sq m proposed or under construction, according to research by CB Hillier Parker. Growth is strongest in the West Midlands and Southwest, although there has been a decline in the development of outlet malls and factory outlets. | ||
| 590 | _aWB | ||
| 650 | _aCOMPLETIONS | ||
| 650 | _aDEVELOPMENT | ||
| 650 | _aFACTORY OUTLETS | ||
| 650 | _aOUTLET MALLS | ||
| 650 | _aRETAIL SECTOR | ||
| 650 | _aSHOPPING CENTRES | ||
| 650 | _aSHOPPING MALLS | ||
| 650 | _aSTARTS | ||
| 690 | _aPROPERTY-COMMERCIAL PROPERTY-RETAIL PROPERTY | ||
| 942 | _n0 | ||
| 999 |
_c66862 _d66862 |
||